[Event "SVG Salzgitter-SG Aufbau Elbe Magdeburg"]
[Site "Osnabrück"]
[Date "2010.12.27"]
[Round "1.1"]
[White "Rafayevych, Vilen"]
[Black "Kyas, Marcel"]
[Result "1-0"]
[WhiteElo "2021"]
[BlackElo "2154"]
[PlyCount "61"]
[EventDate "2010.??.??"]
[WhiteTeam "SG Aufbau Elbe Magdeburg"]
[BlackTeam "SVG Salzgitter"]

1. d4 d5 2. c4 c6 3. Nc3 Nf6 4. Bg5 Ne4 5. Nxe4 dxe4 6. f3 h6 7. Bf4 Bf5 8. e3
Nd7 9. fxe4 Bxe4 10. Nf3 Bxf3 11. gxf3 e5 12. dxe5 Bb4+ 13. Kf2 O-O 14. Rg1 Re8
15. Qb3 Bc5 16. Rd1 Qh4+ 17. Bg3 Qe7 18. f4 Nf6 19. Kf3 Nh5 20. Bf2 f6 21. Bd3
fxe5 22. Bg6 exf4 23. e4 Bxf2 24. Kxf2 Qh4+ 25. Kf1 Rf8 26. c5+ Kh8 27. Bxh5
Qxh5 28. Rd7 Rg8 29. Qc3 Qxh2 30. Rgxg7 Qh1+ 31. Rg1+ 1-0

[Event "SVG Salzgitter-SG Aufbau Elbe Magdeburg"]
[Site "Osnabrück"]
[Date "2010.12.27"]
[Round "1.3"]
[White "Schiffner, Kevin"]
[Black "Bradler, Stephan"]
[Result "0-1"]
[WhiteElo "1935"]
[BlackElo "2127"]
[PlyCount "50"]
[EventDate "2010.??.??"]
[WhiteTeam "SG Aufbau Elbe Magdeburg"]
[BlackTeam "SVG Salzgitter"]

1. d4 Nf6 2. c4 g6 3. Nc3 Bg7 4. e4 d6 5. f3 O-O 6. Be3 c5 7. d5 e6 8. dxe6
Bxe6 9. Qd2 Nc6 10. Rd1 Qa5 11. Be2 Nd7 12. a3 Nb6 13. Nb5 Bxb2 14. Kf2 Qxd2
15. Rxd2 Bc1 16. Rxd6 Bxe3+ 17. Kxe3 Nxc4+ 18. Bxc4 Bxc4 19. Nc3 Rad8 20. Rxd8
Rxd8 21. Nge2 Nd4 22. Rc1 b5 23. Kf2 Nxe2 24. Nxe2 Rd2 25. Re1 Ra2 0-1

[Event "SVG Salzgitter-SG Aufbau Elbe Magdeburg"]
[Site "Osnabrück"]
[Date "2010.12.27"]
[Round "1.6"]
[White "Wolff, Fabian"]
[Black "Schiffner, Alexander"]
[Result "1-0"]
[WhiteElo "2021"]
[BlackElo "1645"]
[PlyCount "35"]
[EventDate "2010.??.??"]
[WhiteTeam "SVG Salzgitter"]
[BlackTeam "SG Aufbau Elbe Magdeburg"]

1. d4 f5 2. Bg5 g6 3. Nc3 Bg7 4. e4 fxe4 5. Nxe4 Nf6 6. Nxf6+ exf6 7. Qe2+ Qe7
8. Bf4 Qxe2+ 9. Bxe2 O-O 10. Bc4+ Kh8 11. Bxc7 Nc6 12. O-O-O f5 13. Nf3 h6 14.
Rhe1 Bf6 15. Ne5 Kg7 16. f4 Bd8 17. Bd6 Rf6 18. Nxc6 1-0

[Event "Hagener SV-SC Leipzig-Gohlis"]
[Site "Osnabrück"]
[Date "2010.12.27"]
[Round "1.1"]
[White "Ohme, Melanie"]
[Black "Wöllermann, Jan"]
[Result "1-0"]
[WhiteElo "2281"]
[BlackElo "2101"]
[PlyCount "63"]
[EventDate "2010.??.??"]
[WhiteTeam "SC Leipzig-Gohlis"]
[BlackTeam "Hagener SV"]

1. e4 c5 2. Nf3 Nc6 3. d4 cxd4 4. Nxd4 g6 5. Nc3 Bg7 6. Nb3 Bxc3+ 7. bxc3 Nf6
8. Bd3 d5 9. exd5 Qxd5 10. O-O Bf5 11. c4 Qd7 12. Re1 b6 13. Bb2 O-O 14. Qf3
Rac8 15. h3 Rfd8 16. Red1 Bxd3 17. cxd3 Nb4 18. Rd2 Qa4 19. Re1 Qd7 20. a3 Nc6
21. d4 Nb8 22. Rde2 Re8 23. d5 Nh5 24. Re4 Ng7 25. Qc3 f6 26. Nd4 Qd6 27. R1e2
a6 28. Qe1 Kf7 29. Ne6 Nxe6 30. Rxe6 Qd7 31. Qc3 b5 32. Rxf6+ 1-0

[Event "Hagener SV-SC Leipzig-Gohlis"]
[Site "Osnabrück"]
[Date "2010.12.27"]
[Round "1.2"]
[White "Wierum, Colin"]
[Black "Meißner, Felix"]
[Result "0-1"]
[WhiteElo "1967"]
[BlackElo "2192"]
[PlyCount "80"]
[EventDate "2010.??.??"]
[WhiteTeam "Hagener SV"]
[BlackTeam "SC Leipzig-Gohlis"]

1. Nf3 Nf6 2. g3 g6 3. Bg2 Bg7 4. O-O O-O 5. d3 d5 6. Nbd2 d4 7. Nb3 Nc6 8. e4
dxe3 9. fxe3 e5 10. e4 a5 11. a4 h6 12. Bd2 Qe7 13. Bc3 Bg4 14. h3 Bd7 15. Nbd2
Nh5 16. Kh2 Nd4 17. Nc4 b6 18. Qd2 Rfd8 19. g4 Nxf3+ 20. Rxf3 Nf4 21. Nxe5 Nxg2
22. Nxd7 Nh4 23. Nf6+ Bxf6 24. Rxf6 Qxf6 25. Bxf6 Nf3+ 26. Kg3 Nxd2 27. Bxd8
Rxd8 28. Kf4 Nb3 29. cxb3 Rxd3 30. Ke5 Rxh3 31. Rd1 Rxb3 32. Rd7 c5 33. Rd5
Rxb2 34. Kf6 Rf2+ 35. Ke7 Rf4 36. e5 Kg7 37. Rd6 Re4 38. Rd5 Rd4 39. Rd6 Re4
40. Rd5 Rxa4 0-1

[Event "Hagener SV-SC Leipzig-Gohlis"]
[Site "Osnabrück"]
[Date "2010.12.27"]
[Round "1.4"]
[White "Rieping, Heiner"]
[Black "Hentze, Markus"]
[Result "0-1"]
[WhiteElo "1847"]
[BlackElo "1997"]
[PlyCount "90"]
[EventDate "2010.??.??"]
[WhiteTeam "Hagener SV"]
[BlackTeam "SC Leipzig-Gohlis"]

1. e4 e5 2. Bc4 Nf6 3. d3 c6 4. Nf3 Be7 5. Nc3 d6 6. d4 exd4 7. Nxd4 O-O 8. O-O
Nbd7 9. Bf4 Ne5 10. Bb3 Qb6 11. Qd2 Bd7 12. Rad1 Rad8 13. Qe3 Ng6 14. Rd3 Ng4
15. Qd2 N4e5 16. Bxe5 dxe5 17. Nde2 Bg4 18. h3 Rxd3 19. Qxd3 Rd8 20. Qg3 Bxe2
21. Nxe2 Rd2 22. Qf3 Bf6 23. Nc3 Qd4 24. g3 Qd7 25. Kg2 b5 26. Rd1 Nf8 27. Rxd2
Qxd2 28. Qd1 Qd4 29. Qxd4 exd4 30. Ne2 Nd7 31. f4 c5 32. Bd5 Nb6 33. Bc6 Nc4
34. Bxb5 Nxb2 35. e5 Bd8 36. Kf3 Nd1 37. Ke4 Bb6 38. h4 Kf8 39. Kd3 Ke7 40. c3
Nf2+ 41. Kd2 f6 42. cxd4 cxd4 43. exf6+ Kxf6 44. Bc6 Ba5+ 45. Kc1 d3 0-1

[Event "Hagener SV-SC Leipzig-Gohlis"]
[Site "Osnabrück"]
[Date "2010.12.27"]
[Round "1.5"]
[White "Kreyssig, Robert"]
[Black "Rethmann, Kristin"]
[Result "1/2-1/2"]
[WhiteElo "1791"]
[BlackElo "1716"]
[PlyCount "87"]
[EventDate "2010.??.??"]
[WhiteTeam "SC Leipzig-Gohlis"]
[BlackTeam "Hagener SV"]

1. d4 Nf6 2. c4 e6 3. Nf3 b6 4. a3 Bb7 5. Nc3 Be7 6. d5 exd5 7. cxd5 O-O 8. e4
d6 9. Bb5 Nbd7 10. O-O Qc8 11. Nd4 a6 12. Bc6 Bxc6 13. Nxc6 Re8 14. Bf4 Bf8 15.
Re1 Ne5 16. Bxe5 dxe5 17. Rc1 Ng4 18. h3 Nh6 19. Qc2 Bd6 20. b4 Qd7 21. f4 f6
22. f5 Nf7 23. Qb3 Bf8 24. Ne2 Nd6 25. Ng3 Qf7 26. Qf3 Nb7 27. Kh2 a5 28. bxa5
Nxa5 29. Nxa5 Rxa5 30. Rc3 Rea8 31. Ree3 Bc5 32. Red3 Qe7 33. Nh5 Rxa3 34. Qg4
Rxc3 35. Rxc3 Ra3 36. Qg3 Rxc3 37. Qxc3 b5 38. Qb3 Qd7 39. d6+ Kf8 40. dxc7 b4
41. Qd5 Qxc7 42. Qa8+ Kf7 43. Qd5+ Kf8 44. Qa8+ 1/2-1/2

[Event "Hagener SV-SC Leipzig-Gohlis"]
[Site "Osnabrück"]
[Date "2010.12.27"]
[Round "1.6"]
[White "Rau, Nikita"]
[Black "Pantusenko, Valeria"]
[Result "1-0"]
[WhiteElo "1621"]
[BlackElo "1660"]
[PlyCount "79"]
[EventDate "2010.??.??"]
[WhiteTeam "Hagener SV"]
[BlackTeam "SC Leipzig-Gohlis"]

1. d4 d5 2. Nf3 e6 3. e3 Nf6 4. Bd3 c5 5. c3 b6 6. Nbd2 Bb7 7. Ne5 c4 8. Bc2
Bd6 9. f4 O-O 10. O-O Qe7 11. Qf3 Nbd7 12. e4 Rfd8 13. Nxd7 Nxd7 14. e5 Bc7 15.
f5 exf5 16. Qxf5 g6 17. Qg4 Nf8 18. Nf3 Bc8 19. Qg5 Qxg5 20. Bxg5 Re8 21. Rf2
Ne6 22. Raf1 Bd8 23. Ba4 Rf8 24. Bh6 Ng7 25. Bc6 Rb8 26. Bxd5 Be6 27. Bxe6 fxe6
28. Ng5 Bxg5 29. Bxg5 Rxf2 30. Rxf2 Rf8 31. Rxf8+ Kxf8 32. Bh6 Kf7 33. Bxg7
Kxg7 34. Kf2 g5 35. Ke3 Kf7 36. Ke4 h5 37. d5 exd5+ 38. Kxd5 b5 39. Kd6 g4 40.
Kd7 1-0

[Event "SK Kelheim 1920-FSV Großenseebach"]
[Site "Osnabrück"]
[Date "2010.12.27"]
[Round "1.1"]
[White "Schneider, David"]
[Black "Fuhrmann, Max"]
[Result "0-1"]
[WhiteElo "2206"]
[BlackElo "2067"]
[PlyCount "70"]
[EventDate "2010.??.??"]
[WhiteTeam "FSV Großenseebach"]
[BlackTeam "SK Kelheim 1920"]

1. e4 c6 2. d4 d5 3. exd5 cxd5 4. c4 Nf6 5. Nc3 e6 6. Nf3 Bb4 7. Bd2 Nc6 8. a3
Be7 9. cxd5 Nxd5 10. Bd3 O-O 11. Qc2 h6 12. Ne4 Qb6 13. Bc3 Rd8 14. O-O Bd7 15.
Ned2 Rac8 16. Nc4 Qc7 17. Qd2 Nxc3 18. bxc3 Na5 19. Nxa5 Qxa5 20. Rfc1 Bc6 21.
Ne5 Bf6 22. Ng4 Bxd4 23. Qe1 Qg5 24. Be2 Bb6 25. Qf1 h5 26. h4 Qf4 27. Nh2 Rd2
28. Rd1 Rcd8 29. Rxd2 Rxd2 30. Rd1 Rc2 31. Rd3 Bb5 32. g3 Qc7 33. Qd1 Bxd3 34.
Qxd3 Rxc3 35. Qe4 Qxg3+ 0-1

[Event "SK Kelheim 1920-FSV Großenseebach"]
[Site "Osnabrück"]
[Date "2010.12.27"]
[Round "1.3"]
[White "Quaschner, Tobias"]
[Black "Bräutigam, Markus"]
[Result "1-0"]
[WhiteElo "2047"]
[BlackElo "1753"]
[PlyCount "129"]
[EventDate "2010.??.??"]
[WhiteTeam "FSV Großenseebach"]
[BlackTeam "SK Kelheim 1920"]

1. e4 c5 2. Nc3 Nc6 3. d3 g6 4. Be3 d6 5. d4 b6 6. Nf3 Bg7 7. Qd2 Nf6 8. d5 Ne5
9. Nxe5 dxe5 10. O-O-O O-O 11. f3 a6 12. g4 Ne8 13. h4 Qd6 14. h5 b5 15. Kb1
Bd7 16. Qf2 Rc8 17. Rd2 c4 18. Nd1 b4 19. c3 a5 20. Bh3 Nf6 21. h6 Bh8 22. g5
Bxh3 23. Rxh3 Nd7 24. Rg3 Nc5 25. Bxc5 Rxc5 26. Rg2 f5 27. Qe3 f4 28. Qe2 Rb8
29. cxb4 axb4 30. Rc2 Qa6 31. b3 Rbc8 32. Rxc4 Rxc4 33. bxc4 Qa3 34. Rf2 b3 35.
axb3 Qxb3+ 36. Nb2 Ra8 37. Qd3 Qa2+ 38. Kc2 Ra3 39. Qd2 Re3 40. Qb4 Kf7 41. d6
exd6 42. Qb7+ Ke8 43. Qc8+ Ke7 44. Qb7+ Ke8 45. c5 Qa3 46. Qc6+ Kf7 47. Qd7+
Kf8 48. Qxd6+ Kf7 49. Qd5+ Ke7 50. Rd2 Qc3+ 51. Kd1 Qb3+ 52. Qxb3 Rxb3 53. Ke2
Rc3 54. Nd3 Bf6 55. gxf6+ Kxf6 56. Ra2 Kg5 57. Nxe5 Rxc5 58. Ng4 Rc7 59. Kf2
Kh4 60. Re2 Re7 61. Kg2 g5 62. Nf6 Rf7 63. e5 Re7 64. Re1 g4 65. Nxg4 1-0

[Event "SK Kelheim 1920-FSV Großenseebach"]
[Site "Osnabrück"]
[Date "2010.12.27"]
[Round "1.5"]
[White "Quaschner, Manuel"]
[Black "Zhou, Wile"]
[Result "1/2-1/2"]
[WhiteElo "1809"]
[BlackElo "1719"]
[PlyCount "104"]
[EventDate "2010.??.??"]
[WhiteTeam "FSV Großenseebach"]
[BlackTeam "SK Kelheim 1920"]

1. e4 c5 2. c3 d5 3. exd5 Qxd5 4. d4 Nc6 5. Nf3 Bg4 6. Be2 cxd4 7. cxd4 e6 8.
Nc3 Qa5 9. O-O Nf6 10. Be3 Be7 11. Qb3 Qb4 12. Qxb4 Bxb4 13. Rac1 O-O 14. a3
Bd6 15. h3 Bh5 16. Rfd1 Nd5 17. Nxd5 exd5 18. g4 Bg6 19. Nh4 Rac8 20. Nxg6 hxg6
21. Rc3 f5 22. Bg5 Ne7 23. Rdc1 Rxc3 24. Rxc3 Rd8 25. Bf3 Rd7 26. Re3 Kf8 27.
b4 Nc6 28. Rc3 Be7 29. Bxe7+ Kxe7 30. Rd3 a6 31. Kf1 Kd6 32. Ke2 Rd8 33. Ke3
Rh8 34. Bg2 fxg4 35. hxg4 g5 36. Rd1 Re8+ 37. Kd3 Rf8 38. f3 Rf4 39. Ke3 Kc7
40. Bf1 Rf6 41. Rc1 Kd6 42. Rd1 Rh6 43. Kf2 Rh2+ 44. Bg2 Rh6 45. Bf1 Rf6 46. b5
axb5 47. Bxb5 Rf7 48. Bxc6 Kxc6 49. Rc1+ Kd6 50. Rb1 Kc6 51. Rc1+ Kd6 52. Rb1
Kc6 1/2-1/2

[Event "SG Bochum 1931-SK Gründau"]
[Site "Osnabrück"]
[Date "2010.12.27"]
[Round "1.1"]
[White "Meier, Lars"]
[Black "Tkachuk, Konstantyn"]
[Result "0-1"]
[WhiteElo "2074"]
[BlackElo "2166"]
[PlyCount "192"]
[EventDate "2010.??.??"]
[WhiteTeam "SK Gründau"]
[BlackTeam "SG Bochum 1931"]

1. e4 c5 2. c3 g6 3. Nf3 Bg7 4. d4 cxd4 5. cxd4 d5 6. e5 f6 7. Nc3 Nc6 8. Bb5
Bg4 9. Bf4 e6 10. Qa4 Bxf3 11. Bxc6+ bxc6 12. Qxc6+ Kf7 13. gxf3 Ne7 14. Qa6
fxe5 15. dxe5 Qb8 16. O-O g5 17. Bg3 Nf5 18. Rfe1 h5 19. Rac1 h4 20. Nxd5 Rc8
21. Qa4 Qb7 22. Nc3 hxg3 23. hxg3 Bf8 24. Qg4 Be7 25. Qh5+ Kg7 26. Ne4 Rxc1 27.
Rxc1 Rh8 28. Qg4 Qxb2 29. Rd1 Qc2 30. Re1 Kg6 31. f4 Ng7 32. Nxg5 Qf5 33. Qxf5+
exf5 34. Nf3 Ne6 35. Rb1 Rc8 36. Rb2 a5 37. Rb5 a4 38. Rb7 Rc7 39. Rb6 Kf7 40.
Kg2 a3 41. Ra6 Rb7 42. Nh4 Ng7 43. Ng6 Bc5 44. Rf6+ Ke8 45. Rc6 Bb4 46. e6 Kd8
47. Ne5 Ke7 48. Ra6 Bc5 49. Nc6+ Kf6 50. e7 Rb6 51. Rxb6 Bxb6 52. f3 Ke6 53. g4
Kd7 54. Nb4 Bc5 55. Nc2 Ke6 56. Kf1 Kd5 57. gxf5 Ne8 58. Ke2 Bxe7 59. Kd3 Nc7
60. Ne3+ Kc5 61. Ng4 Nd5 62. Kc2 Kb4 63. Ne5 Ne3+ 64. Kd3 Nxf5 65. Nc6+ Ka4 66.
Nxe7 Nxe7 67. Kc4 Nf5 68. Kc5 Nh4 69. Kc4 Nxf3 70. f5 Ne5+ 71. Kc3 Ng4 72. Kd4
Kb4 73. Ke4 Kc3 74. Kf4 Nf6 75. Ke5 Ng4+ 76. Kf4 Nf6 77. Ke5 Nh7 78. Ke6 Kb2
79. Kf7 Kxa2 80. Kg6 Nf8+ 81. Kf7 Nd7 82. Ke6 Nc5+ 83. Kd5 Nd3 84. Ke4 Nf2+ 85.
Kf3 Nh3 86. Kg4 Nf2+ 87. Kf3 Nh3 88. Kg4 Nf4 89. Kxf4 Kb3 90. f6 a2 91. Kg5
a1=Q 92. Kg6 Qg1+ 93. Kh7 Qf2 94. Kg7 Qg3+ 95. Kf8 Qd6+ 96. Kg7 Qe5 0-1

[Event "SG Bochum 1931-SK Gründau"]
[Site "Osnabrück"]
[Date "2010.12.27"]
[Round "1.5"]
[White "Kolb, Niklas"]
[Black "Butschek, Marc"]
[Result "0-1"]
[WhiteElo "1634"]
[BlackElo "1872"]
[PlyCount "132"]
[EventDate "2010.??.??"]
[WhiteTeam "SK Gründau"]
[BlackTeam "SG Bochum 1931"]

1. e4 e6 2. d4 d5 3. exd5 exd5 4. Nf3 Nf6 5. Bg5 Nc6 6. Be2 Be7 7. O-O O-O 8.
Re1 Bf5 9. c3 Ne4 10. Bxe7 Nxe7 11. Nbd2 Qd6 12. Nxe4 Bxe4 13. Bd3 f5 14. Ne5
Ng6 15. f3 Nxe5 16. dxe5 Qb6+ 17. Kh1 Qxb2 18. fxe4 fxe4 19. Bf1 c6 20. Qd4 Rf2
21. e6 Rc2 22. Qc5 Qxc3 23. Qe7 Qf6 24. Qxf6 gxf6 25. Be2 Kf8 26. Bg4 Ke7 27.
a4 Rg8 28. Bh3 b6 29. Rec1 Rxc1+ 30. Rxc1 c5 31. Kg1 Rg5 32. Rf1 e3 33. Rf3 Re5
34. Kf1 d4 35. Bf5 c4 36. Bxh7 d3 37. Ke1 Rh5 38. Bxd3 cxd3 39. Rxe3 Rxh2 40.
Rxd3 Kxe6 41. Kf2 Rh4 42. Ra3 Kd5 43. g3 Rc4 44. Rf3 Rxa4 45. Rxf6 b5 46. Ke2
Ra2+ 47. Kd1 a5 48. Rf5+ Kc4 49. Kc1 Rg2 50. Rf4+ Kb3 51. Rf3+ Ka4 52. Kb1 b4
53. Rf4 Ka3 54. Rf3+ b3 55. Rf1 Rxg3 56. Re1 Kb4 57. Re4+ Kc3 58. Re1 a4 59.
Rc1+ Kb4 60. Rf1 a3 61. Rf4+ Kc3 62. Rf1 Rd3 63. Rc1+ Kb4 64. Rh1 a2+ 65. Kb2
Rd2+ 66. Ka1 Ka3 0-1

[Event "SG Bochum 1931-SK Gründau"]
[Site "Osnabrück"]
[Date "2010.12.27"]
[Round "1.6"]
[White "Budszuhn, Timo"]
[Black "Felczer, David"]
[Result "1-0"]
[WhiteElo "1756"]
[BlackElo "1504"]
[PlyCount "51"]
[EventDate "2010.??.??"]
[WhiteTeam "SG Bochum 1931"]
[BlackTeam "SK Gründau"]

1. e4 c5 2. Nf3 e6 3. d4 cxd4 4. Nxd4 Nf6 5. Bd3 Bb4+ 6. c3 Be7 7. O-O Nc6 8.
Be3 Ne5 9. Bc2 d5 10. Nb5 Nc4 11. Bf4 O-O 12. b3 Nb6 13. Nc7 Rb8 14. Nxd5 Ra8
15. Nxe7+ Qxe7 16. Bd6 Qd8 17. Bxf8 Qxf8 18. e5 Nfd5 19. Qd3 g6 20. Nd2 Bd7 21.
Ne4 Rd8 22. c4 Nf4 23. Nf6+ Kh8 24. Qf3 Qh6 25. Ng4 Qg5 26. h4 1-0

[Event "SC Neumühl-SG Porz"]
[Site "Osnabrück"]
[Date "2010.12.27"]
[Round "1.6"]
[White "Watrin, Jan"]
[Black "Karmann, Anna"]
[Result "1-0"]
[WhiteElo "1592"]
[BlackElo "1847"]
[PlyCount "135"]
[EventDate "2010.??.??"]
[WhiteTeam "SC Neumühl"]
[BlackTeam "SG Porz"]

1. e4 c6 2. d4 d5 3. exd5 cxd5 4. Nf3 Nf6 5. Bf4 Bg4 6. Nbd2 e6 7. c3 Nc6 8.
Bd3 Bd6 9. Bg3 O-O 10. O-O Bxg3 11. fxg3 e5 12. dxe5 Nxe5 13. Be2 Bxf3 14. Nxf3
Qb6+ 15. Qd4 Nxf3+ 16. Bxf3 Qxd4+ 17. cxd4 Ne4 18. Rfe1 f5 19. g4 Rac8 20. gxf5
Rxf5 21. Bxe4 dxe4 22. Rac1 Rxc1 23. Rxc1 Rd5 24. Rd1 Kf7 25. Kf2 Ke6 26. Ke3
Rh5 27. h3 Rg5 28. Rd2 Kd5 29. Rc2 Rg3+ 30. Kf4 Rd3 31. Rc7 Rxd4 32. Rxb7 g5+
33. Ke3 Rd3+ 34. Ke2 Ke5 35. Rxa7 h5 36. Ra3 Rd5 37. Ke3 Rb5 38. Rb3 Ra5 39. a3
Rd5 40. Rc3 h4 41. b4 Rd1 42. Rc5+ Kf6 43. Kxe4 Rd2 44. Rc6+ Kf7 45. Kf3 Rd3+
46. Kg4 Rg3+ 47. Kh5 Rxg2 48. a4 g4 49. Kxh4 gxh3 50. Kxh3 Rd2 51. b5 Rd3+ 52.
Kg2 Ra3 53. Ra6 Ke7 54. Kf2 Kd7 55. Ke2 Kc7 56. a5 Kb7 57. Kd2 Rh3 58. Rg6 Ra3
59. a6+ Ka7 60. Rg7+ Ka8 61. Kc2 Ra5 62. Rg5 Ka7 63. Kb3 Ra1 64. Rg3 Kb6 65.
Kb4 Rh1 66. Rg6+ Ka7 67. Rg7+ Ka8 68. b6 1-0

[Event "Koenigsspringer SC 1984-SC 1926 Bendorf"]
[Site "Osnabrück"]
[Date "2010.12.27"]
[Round "1.1"]
[White "Moeller, Jeremy"]
[Black "Borgmeyer, Max"]
[Result "1/2-1/2"]
[WhiteElo "1810"]
[BlackElo "2120"]
[PlyCount "35"]
[EventDate "2010.??.??"]
[WhiteTeam "SC 1926 Bendorf"]
[BlackTeam "Koenigsspringer SC 1984"]

1. e4 c5 2. Nf3 d6 3. d4 cxd4 4. Nxd4 Nf6 5. Nc3 a6 6. Bc4 e6 7. Be3 b5 8. Bb3
b4 9. Na4 Nxe4 10. Nb6 Qxb6 11. Nxe6 Nc5 12. Nxc5 dxc5 13. Qd5 Ra7 14. O-O-O
Be6 15. Qe5 Nd7 16. Ba4 Be7 17. Qxg7 Rf8 18. Rhe1 1/2-1/2

[Event "Koenigsspringer SC 1984-SC 1926 Bendorf"]
[Site "Osnabrück"]
[Date "2010.12.27"]
[Round "1.2"]
[White "Lock, Adrian"]
[Black "Schlöffel, Christian"]
[Result "1-0"]
[WhiteElo "1976"]
[BlackElo "1833"]
[PlyCount "63"]
[EventDate "2010.??.??"]
[WhiteTeam "Koenigsspringer SC 1984"]
[BlackTeam "SC 1926 Bendorf"]

1. e4 e5 2. Nf3 Nc6 3. Bc4 Bc5 4. c3 Nf6 5. d3 O-O 6. O-O d5 7. exd5 Nxd5 8. b4
Bb6 9. b5 Na5 10. Nxe5 Nxc3 11. Nxc3 Bd4 12. Nxf7 Qe7 13. Bg5 Qc5 14. Ne4 Qb6
15. Nfd6+ Kh8 16. Nxc8 Raxc8 17. Rc1 Rf5 18. Bh4 Rcf8 19. Bg3 h5 20. Qd2 Nxc4
21. dxc4 Rd8 22. Qc2 Qg6 23. Bxc7 Re8 24. Nd6 Ref8 25. Nxf5 Rxf5 26. Bg3 Qg4
27. Rce1 Bc5 28. Re8+ Kh7 29. Re4 Qg6 30. Re5 Rxe5 31. Qxg6+ Kxg6 32. Bxe5 1-0

[Event "Koenigsspringer SC 1984-SC 1926 Bendorf"]
[Site "Osnabrück"]
[Date "2010.12.27"]
[Round "1.3"]
[White "Sydorenko, Sascha"]
[Black "Maiorov, Daniel"]
[Result "1/2-1/2"]
[WhiteElo "1824"]
[BlackElo "1936"]
[PlyCount "35"]
[EventDate "2010.??.??"]
[WhiteTeam "SC 1926 Bendorf"]
[BlackTeam "Koenigsspringer SC 1984"]

1. e4 c5 2. Nf3 d6 3. d4 cxd4 4. Nxd4 Nf6 5. Nc3 g6 6. Be3 Bg7 7. f3 Nc6 8. Qd2
O-O 9. O-O-O Be6 10. Nxe6 fxe6 11. Bc4 Qc8 12. Bh6 Na5 13. Be2 Nc4 14. Bxc4
Qxc4 15. Bxg7 Kxg7 16. h4 b5 17. Qg5 b4 18. Qb5 1/2-1/2

[Event "Koenigsspringer SC 1984-SC 1926 Bendorf"]
[Site "Osnabrück"]
[Date "2010.12.27"]
[Round "1.5"]
[White "Pretz, Dominik"]
[Black "Langmann, Markus"]
[Result "0-1"]
[WhiteElo "1539"]
[BlackElo "1896"]
[PlyCount "44"]
[EventDate "2010.??.??"]
[WhiteTeam "SC 1926 Bendorf"]
[BlackTeam "Koenigsspringer SC 1984"]

1. d4 d5 2. c4 dxc4 3. e3 Nf6 4. Bxc4 a6 5. Nc3 e6 6. Nf3 b5 7. Bd3 Bb7 8. O-O
Nbd7 9. Re1 c5 10. b3 Rc8 11. Bb2 cxd4 12. exd4 Bb4 13. Rc1 Qa5 14. Qd2 Nd5 15.
Be4 N7f6 16. Qd3 Bxc3 17. Bxc3 Rxc3 18. Rxc3 Nxe4 19. Qxe4 Qxc3 20. Ng5 Nf6 21.
Qe5 O-O 22. h3 h6 0-1

[Event "Koenigsspringer SC 1984-SC 1926 Bendorf"]
[Site "Osnabrück"]
[Date "2010.12.27"]
[Round "1.6"]
[White "Akram, Shumon"]
[Black "Weber, Dirk"]
[Result "1-0"]
[WhiteElo "1727"]
[BlackElo "1354"]
[PlyCount "41"]
[EventDate "2010.??.??"]
[WhiteTeam "Koenigsspringer SC 1984"]
[BlackTeam "SC 1926 Bendorf"]

1. e4 e5 2. Nf3 Nc6 3. Bc4 Bc5 4. c3 Nf6 5. d3 d6 6. h3 Be6 7. Nbd2 O-O 8. O-O
Na5 9. Bxe6 fxe6 10. b4 Bxb4 11. cxb4 Nc6 12. Ba3 Qd7 13. Nc4 Rf7 14. Rc1 Re8
15. Re1 h6 16. d4 Rd8 17. dxe5 Ne8 18. Qc2 Qe7 19. b5 Nb8 20. Red1 d5 21. Bxe7
1-0

[Event "USV TU Dresden-SF Neuberg"]
[Site "Osnabrück"]
[Date "2010.12.27"]
[Round "1.2"]
[White "Grunwald, Martin"]
[Black "Seifert, Christopher"]
[Result "0-1"]
[WhiteElo "1660"]
[BlackElo "2173"]
[PlyCount "98"]
[EventDate "2010.??.??"]
[WhiteTeam "USV TU Dresden"]
[BlackTeam "SF Neuberg"]

1. e4 c5 2. Nf3 e6 3. d4 cxd4 4. Nxd4 Nf6 5. Nc3 Nc6 6. Be3 Bb4 7. Bd3 d5 8.
Nxc6 bxc6 9. exd5 exd5 10. Bd2 O-O 11. O-O Bg4 12. Be2 Bf5 13. Bf3 Bd6 14. g3
Rb8 15. b3 Be5 16. Rc1 Qd6 17. Ne2 Qa3 18. Bf4 Bxf4 19. Nxf4 Qxa2 20. Nd3 Qa5
21. Re1 Rfe8 22. Rxe8+ Rxe8 23. Ra1 Qb6 24. Qf1 Ne4 25. Re1 f6 26. Kh1 Kf7 27.
Re2 Qd4 28. Qe1 Re7 29. Bg2 Re8 30. f3 Nd6 31. Rxe8 Nxe8 32. Bf1 Nd6 33. Kg2
Nb5 34. Qf2 Ke7 35. Qe1+ Kd7 36. Qd2 Kd6 37. Qe1 Qc3 38. Qxc3 Nxc3 39. Kf2 Nb5
40. Ke3 c5 41. Kd2 Nd4 42. Ne1 a5 43. Bd3 Bxd3 44. Kxd3 Ke5 45. Ke3 Kf5 46. h3
h5 47. Kf2 Ke6 48. Ke3 Nf5+ 49. Kf2 c4 0-1

[Event "USV TU Dresden-SF Neuberg"]
[Site "Osnabrück"]
[Date "2010.12.27"]
[Round "1.3"]
[White "Hummel, Dennis"]
[Black "Schamschurko, Victor"]
[Result "1-0"]
[WhiteElo "1903"]
[BlackElo "1677"]
[PlyCount "73"]
[EventDate "2010.??.??"]
[WhiteTeam "SF Neuberg"]
[BlackTeam "USV TU Dresden"]

1. e4 e6 2. d4 d5 3. Nd2 c5 4. exd5 exd5 5. Ngf3 Nc6 6. Bb5 Bd7 7. O-O Bd6 8.
dxc5 Bxc5 9. Nb3 Qb6 10. Qxd5 Qxb5 11. Qxc5 Qxc5 12. Nxc5 O-O-O 13. Bf4 f6 14.
Ne4 Bf5 15. Nd6+ Rxd6 16. Bxd6 Bxc2 17. Rac1 Bf5 18. Bf8 h6 19. Bxg7 Rh7 20.
Bf8 Nge7 21. Bxe7 Rxe7 22. Nd4 Bd7 23. Nxc6 Bxc6 24. Rfe1 Rg7 25. f3 Kc7 26.
Re6 Rg6 27. Kf2 Kd7 28. Re3 Rg5 29. Rd1+ Kc7 30. Rd4 Rb5 31. Re2 Ra5 32. a3 Kb6
33. Rf4 Rc5 34. Rxf6 Kb5 35. Rf4 a5 36. g4 Bd7 37. h4 1-0

[Event "SVG Salzgitter-SG Aufbau Elbe Magdeburg"]
[Site "Osnabrück"]
[Date "2010.12.27"]
[Round "1.2"]
[White "Tennert, Simon"]
[Black "Schulz, Marcel"]
[Result "1/2-1/2"]
[WhiteElo "2072"]
[BlackElo "1971"]
[PlyCount "91"]
[EventDate "2010.??.??"]
[WhiteTeam "SVG Salzgitter"]
[BlackTeam "SG Aufbau Elbe Magdeburg"]

1. e4 c5 2. Nf3 d6 3. d4 cxd4 4. Nxd4 Nf6 5. Nc3 g6 6. f3 Bg7 7. Be3 O-O 8. Qd2
Nc6 9. O-O-O d5 10. Nxc6 bxc6 11. Bh6 Be6 12. Bxg7 Kxg7 13. Qe3 Qb6 14. Qxb6
axb6 15. exd5 Nxd5 16. Nxd5 Bxd5 17. a3 Rfd8 18. c4 Be6 19. Rxd8 Rxd8 20. Be2
Kf6 21. Kc2 Bf5+ 22. Kc3 e5 23. Rd1 Rd7 24. Rxd7 Bxd7 25. c5 b5 26. b3 Ke6 27.
a4 Kd5 28. Kb4 bxa4 29. bxa4 f5 30. a5 Bc8 31. a6 Kd4 32. Bc4 e4 33. fxe4 fxe4
34. Bf1 Kd5 35. Be2 Kd4 36. Bc4 h6 37. h3 g5 38. g4 e3 39. Bf1 Kd5 40. Be2 Kd4
41. Bc4 Ke4 42. a7 Bb7 43. Ba6 Kd4 44. Bc4 Ba8 45. Bf1 Bb7 46. Bc4 1/2-1/2

[Event "Koenigsspringer SC 1984-SC 1926 Bendorf"]
[Site "Osnabrück"]
[Date "2010.12.27"]
[Round "1.4"]
[White "Raider, Eugen"]
[Black "Suderland, Stefan"]
[Result "1-0"]
[WhiteElo "1984"]
[BlackElo "1750"]
[PlyCount "52"]
[EventDate "2010.??.??"]
[WhiteTeam "Koenigsspringer SC 1984"]
[BlackTeam "SC 1926 Bendorf"]

1. Nf3 d5 2. c4 e6 3. b3 Nf6 4. e3 Be7 5. Qc2 O-O 6. Bb2 Nbd7 7. a3 b6 8. Be2
Bb7 9. Rg1 c5 10. g4 dxc4 11. bxc4 Be4 12. d3 Bb7 13. Nbd2 Ne8 14. g5 f6 15. h4
f5 16. h5 Bd6 17. h6 g6 18. Qc3 e5 19. O-O-O b5 20. cxb5 Nc7 21. Nc4 Nd5 22.
Qb3 Qe7 23. Na5 N7b6 24. Nxb7 Qxb7 25. Nxe5 Rac8 26. Nc4 Rfd8 1-0

[Event "SVG Salzgitter-SG Aufbau Elbe Magdeburg"]
[Site "Osnabrück"]
[Date "2010.12.27"]
[Round "1.4"]
[White "Kyas, Philipp"]
[Black "Brüggemann, Florian"]
[Result "0-1"]
[WhiteElo "2025"]
[BlackElo "1986"]
[PlyCount "70"]
[EventDate "2010.??.??"]
[WhiteTeam "SVG Salzgitter"]
[BlackTeam "SG Aufbau Elbe Magdeburg"]

1. d4 Nf6 2. c4 g6 3. Nc3 Bg7 4. Nf3 O-O 5. Bg5 d6 6. e3 c6 7. Bd3 a6 8. b4 b5
9. c5 a5 10. a3 axb4 11. axb4 Rxa1 12. Qxa1 Na6 13. Qb2 dxc5 14. bxc5 Nxc5 15.
Bxb5 cxb5 16. dxc5 Ne4 17. Nd4 Nxg5 18. Ncxb5 Qd5 19. O-O Bb7 20. f4 Ne6 21.
Rc1 Nxd4 22. Nxd4 Bxd4 23. exd4 Ra8 24. Rc2 e6 25. Rd2 Qe4 26. Rf2 Bd5 27. h3
h5 28. h4 Kg7 29. Qc3 Ra4 30. Rd2 Qe1+ 31. Kh2 Ra2 32. Rc2 Qxc3 33. Rxc3 Rxg2+
34. Kh3 Rd2 35. c6 Bxc6 0-1